NBA Dynamic Duos - Statistics

General Stats
  • This quiz has been taken 1,433 times
  • The average score is 14 of 24
Answer Stats
Sidekick Other % Correct
Dwyane Wade LeBron James
96%
Shaquille Oneal Kobe Bryant
82%
Kareem Abdul-Jabbar Magic Johnson
81%
John Stockton Karl Malone
79%
Scottie Pippen Michael Jordan
75%
Blake Griffin Chris Paul
73%
Klay Thompson Stephen Curry
73%
Kevin Durant Russell Westbrook
64%
Amare Stoudemire Steve Nash
63%
Penny Hardaway Shaquille Oneal
62%
Kevin Garnett Paul Pierce
60%
Yao Ming Tracy McGrady
60%
Tim Duncan David Robinson
57%
Shawn Kemp Gary Payton
56%
Kevin McHale Larry Bird
55%
Clyde Drexler Hakeem Olajuwon
52%
Bob Cousy Bill Russell
48%
Jerry West Wilt Chamberlain
48%
Allen Iverson Carmelo Anthony
43%
Joe Dumars Isiah Thomas
43%
Tracy McGrady Vince Carter
42%
Moses Malone Julius Erving
40%
Ben Wallace Chauncey Billups
39%
Tim Hardaway Alonzo Mourning
27%
No matching quizzes found
Score Distribution
Percent of People with Each Score
Percentile by Number Answered
Your Score History
You have not taken this quiz